000 00607nam a2200241Ia 4500
003 OSt
005 20220918174117.0
006 a|||||r|||| 00| 0
007 ta
008 220917b |||||||| |||| 00| 0 eng d
024 _a10,422
037 _cTextual
040 _aARTS
_cARTS
_beng
041 _2eng
_aeng
082 _aQ7:(W), M7-;1
100 _aVatikiotis P J
_949108
245 0 _aIslam and the state
260 _aLondon
_bCroom Helm
_c1987
300 _a136p.
_ccm.
650 _aRELIGION
942 _hQ7:(W), M7-;1
_cTEXL
_2CC
999 _c151794
_d151794